Από την αιχμαλωσία : κατά το ημερολόγιο του αεροπόρου Β.Κ. : μυθιστορηματικό χρονικό

Αποθηκεύτηκε σε:
Λεπτομέρειες βιβλιογραφικής εγγραφής
Κύριος συγγραφέας: Αυγέρης, Μάρκος, 1884-1973
Άλλοι συγγραφείς: Ζεβελάκης, Γιώργος (Συγγραφέας εισαγωγής κ.λπ.)
Μορφή: Βιβλίο
Γλώσσα:Greek
Δημοσίευση: [Αθήνα] : Καστανιώτης, [2006, c2005]
Θέματα:
Ετικέτες: Προσθήκη ετικέτας
Δεν υπάρχουν, Καταχωρήστε ετικέτα πρώτοι!

MARC

LEADER 00000cam a2200000 i 4500
001 1/46259
008 070615s2006 gre d
020 |a 960-03-4079-X 
035 |l 10088329 
040 |a GR-MY-UA  |b gre  |e aacr 
041 0 |a gre 
082 0 |a 889.34  |2 (22) 
100 1 |a Αυγέρης, Μάρκος,   |d 1884-1973. 
245 1 0 |a Από την αιχμαλωσία :  |b κατά το ημερολόγιο του αεροπόρου Β.Κ. : μυθιστορηματικό χρονικό /  |c Μάρκος Αυγέρης ; εισαγωγή Γιώργος Ζεβελάκης 
260 |a [Αθήνα] :   |b Καστανιώτης,   |c [2006, c2005] 
300 |a 261 σ.;  |c 21 εκ. 
650 0 0 |a Greco-Turkish War, 1921-1922  |x Personal narratives, Greek. 
650 0 0 |a Greco-Turkish War, 1921-1922. 
650 0 0 |a Greek fiction, Modern. 
700 1 |a Ζεβελάκης, Γιώργος.  |4 aui 
852 |a INST  |b LESVOS  |e 20070615  |h 889.34 ΑΥΓ  |p 005100038233  |q 005100038233  |t BK  |y 12 
901 |a BIBL1-2007-2 
909 |a Λ  |b 135157 
922 |a 1ΕΛΗ  |b 200705  |c ΕΠΕΑΕΚ2/ΤΚΑ  |d Σ. ΠΑΤΑΚΗΣ 
970 |a ΒΑΡΚΑ  |b ΕΛΕΥΘΕΡΙΑ  |z 2007/06/15